000 00585nam a2200253Ia 4500
005 20260121153820.0
008 008 260114s9999 xx 000 0 eng d
020 _a9781315614793
037 _aEBOOK
040 _aCRL
040 _beng
040 _cCRL
041 _2eng
041 _aeng
084 _qCRL
100 _aKuntala Lahiri-Dutt
_9999461
245 4 _aThe Coal Nation
260 _bTaylor and Francis
260 _c2014
856 _uhttp://www.taylorfrancis.com/books/9781315614793
942 _cEBOOK
999 _c1566282
_d1566282